000 00580nam a2200205Ia 4500
005 20250508163349.0
008 008 250505s9999 xx 000 0 eng d
020 _a0-87705-394-4
037 _aTextual
040 _aFEDL
_beng
_cFEDL
041 _aeng
_2eng
084 _a157.9, TAL
_qFEDL
100 _aTalbott John A. Ed.
245 0 _aState mental hospitals: Problems and potentials
260 _aNew York, USA
_bHuman Sciences Press
_c1980
300 _a219p
650 _aAbnormal psychology
942 _cTEXL
_h157.9, TAL
999 _c1382573
_d1382573